Visualizzazione normale
Vista MARC
- Magne Michel
di Personal Name
Records bibliografici associati: 1
001 - CONTROL NUMBER
- control field: 44058
003 - CONTROL NUMBER IDENTIFIER
- control field: IT-RoPau
005 - DATE AND TIME OF LATEST TRANSACTION
- control field: 20151127123007.0
008 - FIXED-LENGTH DATA ELEMENTS
- fixed length control field: 151127|| aca||aabn | a|a d
040 ## - CATALOGING SOURCE
- Original cataloging agency: IT-RoPau
- Transcribing agency: IT-RoPau
100 ## - HEADING--PERSONAL NAME
- Personal name: Magne Michel
- Relator term: (musica)
- Miscellaneous information: Codice Musica SPICS: 15601
670 ## - SOURCE DATA FOUND
- Source citation: Work cat.: (IT-RoPau)105912: Bresson Robert Codice regista SPICS: 8815 44053, QUATTRO NOTTI DI UN SOGNATORE (LE) QUATTRO NOTTI DI UN SOGNATORE (LE) (Rif. Codice opera principale : 21655)